Old world, new world : (Record no. 15708)

000 -LEADER
fixed length control field 01703nam a2200205 a 4500
001 - CONTROL NUMBER
control field ASIN0871139715
005 - DATE AND TIME OF LATEST TRANSACTION
control field 20170105102924.0
008 - FIXED-LENGTH DATA ELEMENTS--GENERAL INFORMATION
fixed length control field 131210s2008 xxu eng d
020 ## - INTERNATIONAL STANDARD BOOK NUMBER
International Standard Book Number 0871139715 (hardcover)
Terms of availability $35.00
020 ## - INTERNATIONAL STANDARD BOOK NUMBER
International Standard Book Number 9780871139719 (hardcover)
040 ## - CATALOGING SOURCE
Original cataloging agency 0
100 1# - MAIN ENTRY--PERSONAL NAME
Personal name Burk, Kathleen.
245 10 - TITLE STATEMENT
Title Old world, new world :
Remainder of title great britain and america from the beginning /
Statement of responsibility, etc. Kathleen Burk.
250 ## - EDITION STATEMENT
Edition statement First ed.
260 ## - PUBLICATION, DISTRIBUTION, ETC.
Place of publication, distribution, etc. [S.l.] :
Name of publisher, distributor, etc. Atlantic Monthly Press,
Date of publication, distribution, etc. 2008.
300 ## - PHYSICAL DESCRIPTION
Extent 848 p. ;
Dimensions 24 cm.
520 ## - SUMMARY, ETC.
Summary, etc. Our close bond with Great Britain seems inevitable, given our shared language and heritage. But as distinguished historian Kathleen Burk shows in this groundbreaking history, recently published to acclaim in the United Kingdom, the close international relationship was forged only recently, preceded by several centuries of hostility and conflict that began soon after the first English colony was established on the newly discovered continent. Burk, a fourth-generation Californian and professor of history in London, draws on her unique knowledge of both countries to explore the totality of the relationship—the politics, economics, culture, and society—that both connected the two peoples and drove them apart. She tells the story from each side, beginning with the English exploration of the New World and taking us up to the present alliance in Iraq. At once sweeping in scope and intimate in detail, Old World, New World is a vivid, absorbing, and surprising story of one of the longest international love-hate relationships in modern histo
856 ## - ELECTRONIC LOCATION AND ACCESS
Materials specified Amazon.com
Uniform Resource Identifier <a href="http://www.amazon.com/exec/obidos/ASIN/0871139715/chopaconline">http://www.amazon.com/exec/obidos/ASIN/0871139715/chopaconline</a>
942 ## - ADDED ENTRY ELEMENTS (KOHA)
Source of classification or shelving scheme
Koha item type Book
Holdings
Withdrawn status Lost status Damaged status Not for loan Collection code Permanent Location Current Location Shelving location Date acquired Total Checkouts Full call number Barcode Date last seen Price effective from Koha item type
          Centre for International Peace & Stability (CIPS) Centre for International Peace & Stability (CIPS) General Stacks 10/01/2013   327.73041 BUR 2008 CIPS0001412 12/10/2013 01/05/2017 Book
© 2023 Central Library, National University of Sciences and Technology. All Rights Reserved.